[Event "DEM U12 2011"]
[Site "Oberhof GER"]
[Date "2011.06.17"]
[Round "10"]
[White "Denkert, Anna"]
[Black "Allin, Katharina"]
[Result "0-1"]
[Termination "normal"]
[Board "39"]
[WhiteElo "1173"]
[BlackElo "1256"]
[PlyCount "142"]
[WhiteFideId "12938122"]
[BlackFideId "12903779"]
[EventCountry "GER"]
[EventRounds "11"]
[EventType "swiss"]
[EventDate "2011.06.11"]

1. e4 e5 2. Nf3 Nc6 3. Bc4 Bc5 4. d3 Nf6 5. O-O d6 6. c3 Bg4 7. a4 a6 8. Be3
Bb6 9. h3 Bh5 10. Nbd2 h6 11. Re1 g5 12. Nf1 g4 13. hxg4 Bxg4 14. Ng3 h5 15.
Nf1 Rg8 16. N1h2 Nh7 17. Nxg4 Rxg4 18. Nh2 Rg7 19. Qxh5 Qd7 20. Bxb6 cxb6 21.
f3 O-O-O 22. Ng4 Rdg8 23. Kf2 Rf8 24. Nh6 Rg5 25. Qh3 Qxh3 26. gxh3 Nd8 27. Nf5
Kc7 28. Rg1 Ne6 29. Rxg5 Nhxg5 30. h4 Nh3+ 31. Kg3 Nhf4 32. Bxe6 fxe6 33. Ne3
Rg8+ 34. Ng4 Nxd3 35. b3 Nf4 36. c4 Ne2+ 37. Kf2 Nd4 38. b4 Rf8 39. Nh2 Rh8 40.
Kg3 Ne2+ 41. Kh3 Nf4+ 42. Kg3 Ng6 43. Ng4 Rxh4 44. b5 a5 45. Rd1 Rh8 46. Rd3
Nf4 47. Rd2 Rh3+ 48. Kf2 Rh1 49. Nf6 Rh2+ 50. Ke3 Ng2+ 51. Kd3 Ne1+ 52. Kc3
Rxd2 53. Kxd2 Nxf3+ 54. Ke3 Nd4 55. Kd3 Nb3 56. Kc2 Nc5 57. Kb2 Nxa4+ 58. Ka3
Nc5 59. Kb2 Kd8 60. Kc3 Ke7 61. Ng8+ Kf8 62. Nf6 Kf7 63. Ng4 Nxe4+ 64. Kd3 Nc5+
65. Kc3 e4 66. Kd4 a4 67. Kc3 d5 68. cxd5 exd5 69. Kb4 d4 70. Ne5+ Ke6 71. Nc4
e3 0-1

[Event "DEM U12 2011"]
[Site "Oberhof GER"]
[Date "2011.06.17"]
[Round "10"]
[White "Möller, Hannah"]
[Black "Blumenthal, Clemens"]
[Result "0-1"]
[Termination "normal"]
[Board "40"]
[WhiteElo "1204"]
[BlackElo "1494"]
[PlyCount "100"]
[WhiteFideId "1270514"]
[BlackFideId "12938050"]
[EventCountry "GER"]
[EventRounds "11"]
[EventType "swiss"]
[EventDate "2011.06.11"]

1. c4 c5 2. Nc3 Nc6 3. g3 d6 4. Bg2 Bd7 5. e3 g6 6. Nge2 Bg7 7. O-O Nf6 8. Rb1
O-O 9. a3 Qb6 10. b3 a6 11. Bb2 Na5 12. Ba1 Rab8 13. Nf4 e6 14. d3 Nc6 15. Na4
Qc7 16. b4 b5 17. cxb5 axb5 18. Nc3 c4 19. dxc4 bxc4 20. Ne4 Nxe4 21. Bxe4 d5
22. Bg2 Bxa1 23. Rxa1 Rfc8 24. Qd2 Ne7 25. Rfc1 Qd6 26. Qc3 e5 27. Ne2 Ba4 28.
f4 f6 29. fxe5 fxe5 30. Rf1 Rc7 31. Qd2 Rd8 32. Nc3 Ra7 33. Qf2 Qe6 34. Nxa4
Rxa4 35. Qf6 Qxf6 36. Rxf6 d4 37. exd4 exd4 38. Rff1 d3 39. Rfd1 c3 40. Rac1 c2
41. Rd2 Rxa3 42. Kf2 Rb3 43. Ke3 Rb1 44. Rcxc2 Nf5+ 45. Kf4 Rd4+ 46. Ke5 dxc2
47. Rxc2 Rbxb4 48. Rc8+ Kg7 49. Bh3 Rb5+ 50. Ke6 Rd6# 0-1

[Event "DEM U12 2011"]
[Site "Oberhof GER"]
[Date "2011.06.17"]
[Round "10"]
[White "Oberhofer, Marie"]
[Black "Wallat, Jessica"]
[Result "0-1"]
[Termination "normal"]
[Board "41"]
[WhiteElo "1068"]
[BlackElo "1277"]
[PlyCount "48"]
[WhiteFideId "12938165"]
[BlackFideId "12909637"]
[EventCountry "GER"]
[EventRounds "11"]
[EventType "swiss"]
[EventDate "2011.06.11"]

1. e4 e5 2. Nf3 Nc6 3. Bc4 Bc5 4. d3 Nf6 5. O-O d6 6. Bg5 Bg4 7. c3 Qe7 8. Nbd2
h6 9. Bh4 g5 10. Bg3 O-O-O 11. h3 Be6 12. Bb3 g4 13. hxg4 Bxg4 14. Re1 h5 15.
Qc2 Rdg8 16. Rac1 Bxf3 17. Nxf3 Rxg3 18. Kh1 Rgg8 19. Re2 h4 20. Qd2 Nh5 21.
Kg1 Nf4 22. Ree1 Rxg2+ 23. Kh1 Rxf2 24. Qd1 Qd7 0-1

[Event "DEM U12 2011"]
[Site "Oberhof GER"]
[Date "2011.06.17"]
[Round "10"]
[White "Kühn, Kolja"]
[Black "Niedwetzki, Jan Daniel"]
[Result "0-1"]
[Termination "normal"]
[Board "42"]
[WhiteElo "1273"]
[BlackElo "1120"]
[PlyCount "126"]
[WhiteFideId "12938106"]
[BlackFideId "12938157"]
[EventCountry "GER"]
[EventRounds "11"]
[EventType "swiss"]
[EventDate "2011.06.11"]

1. e4 e6 2. c4 d5 3. exd5 exd5 4. d4 Nf6 5. Nc3 Nc6 6. Nf3 Bg4 7. Be2 dxc4 8.
Ne5 Bxe2 9. Qxe2 Nxd4 10. Nc6+ Nxe2 11. Nxd8 Nxc3 12. Nxb7 Nb5 13. Bd2 Be7 14.
O-O-O O-O 15. Rhe1 Rfe8 16. a4 Nd6 17. Bb4 Bf8 18. Na5 Rxe1 19. Bxe1 h6 20. Bc3
Nde4 21. Bd4 Bc5 22. f3 Bxd4 23. Nxc4 Bb6 24. fxe4 Nxe4 25. a5 Bc5 26. Re1 Nd6
27. Ne5 Re8 28. Nd3 Rxe1+ 29. Nxe1 Bb4 30. Nc2 Bxa5 31. Nd4 Bb6 32. Nc6 Kh7 33.
Kc2 Kg6 34. Kd3 Kf5 35. Ke2 Nc4 36. b4 Ne5 37. Ne7+ Ke6 38. Nc8 Kd7 39. Nxb6+
cxb6 40. Ke3 Ng4+ 41. Kf4 Nxh2 42. Kg3 Kc6 43. Kxh2 Kb5 44. Kg1 Kxb4 45. Kf2 a5
46. Ke1 Kc3 47. Kd1 Kb2 48. Kd2 a4 49. Kd3 a3 50. Kd4 a2 51. Kd3 a1=Q 52. Kc4
Qd1 53. Kb5 Qc2 54. Ka6 Qb3 55. g4 Kc3 56. g5 h5 57. Kb7 b5 58. g6 f6 59. Kc6
Qe6+ 60. Kc5 h4 61. Kxb5 Qc8 62. Ka5 Qb7 63. Ka4 Qb4# 0-1

[Event "DEM U12 2011"]
[Site "Oberhof GER"]
[Date "2011.06.17"]
[Round "10"]
[White "Semenova, Alisa"]
[Black "Usczeck, Alina"]
[Result "0-1"]
[Termination "normal"]
[Board "43"]
[WhiteElo "1163"]
[BlackElo "1219"]
[PlyCount "78"]
[WhiteFideId "1272132"]
[BlackFideId "12938114"]
[EventCountry "GER"]
[EventRounds "11"]
[EventType "swiss"]
[EventDate "2011.06.11"]

1. e4 e5 2. Nf3 Nf6 3. Nxe5 d6 4. Nf3 Nxe4 5. Bd3 Nf6 6. Nc3 Bg4 7. h3 Bh5 8.
O-O Be7 9. Re1 O-O 10. Bc4 Re8 11. Nd5 Nxd5 12. Bxd5 c6 13. Bb3 d5 14. Qe2 Nd7
15. d4 Qc7 16. Qd3 Bd6 17. Bd2 Bg6 18. Qc3 Nf6 19. Ne5 Ne4 20. Qe3 Bxe5 21.
dxe5 Nxd2 22. Qxd2 Rxe5 23. Rxe5 Qxe5 24. c4 dxc4 25. Bxc4 Qf5 26. Rd1 h6 27.
Qd6 Rc8 28. Bd3 Qg5 29. h4 Rd8 30. Qc7 Qxh4 31. g3 Qg5 32. Bc2 Rxd1+ 33. Bxd1
Qd2 34. Bb3 Qe1+ 35. Kg2 Be4+ 36. Kh3 Qh1+ 37. Kg4 Qf3+ 38. Kh3 Bf5+ 39. Kh2
Qxf2+ 0-1

[Event "DEM U12 2011"]
[Site "Oberhof GER"]
[Date "2011.06.17"]
[Round "10"]
[White "Ley, Sabrina"]
[Black "Richardt, Angelina"]
[Result "1/2-1/2"]
[Termination "normal"]
[Board "44"]
[WhiteElo "1156"]
[BlackElo "1146"]
[PlyCount "75"]
[WhiteFideId "12938130"]
[BlackFideId "12938149"]
[EventCountry "GER"]
[EventRounds "11"]
[EventType "swiss"]
[EventDate "2011.06.11"]

1. e4 c5 2. d4 cxd4 3. c3 Nc6 4. cxd4 g6 5. Nc3 Bg7 6. Nf3 d6 7. Bc4 Nf6 8. O-O
O-O 9. e5 dxe5 10. dxe5 Ne8 11. Qxd8 Nxd8 12. Bf4 Nc6 13. Rad1 Nc7 14. Rd2 Be6
15. Nd5 Rad8 16. Rfd1 Bxd5 17. Bxd5 Nxd5 18. Rxd5 Rxd5 19. Rxd5 Rd8 20. Rxd8+
Nxd8 21. Nd4 f6 22. exf6 exf6 23. Kf1 f5 24. Nb5 a6 25. Nc3 Ne6 26. Bd2 Nc5 27.
b3 Kf7 28. Ke2 Ke6 29. f3 b5 30. Kd1 Kd6 31. Bf4+ Kc6 32. Kc2 Ne6 33. Be3 Kd6
34. Kd2 Kc6 35. Kc2 Kd6 36. Kd2 Kc6 37. Kc2 Kd6 38. Kd2 1/2-1/2

[Event "DEM U12 2011"]
[Site "Oberhof GER"]
[Date "2011.06.17"]
[Round "10"]
[White "Boussonville, Anna"]
[Black "Zech, Anna"]
[Result "0-1"]
[Termination "normal"]
[Board "45"]
[WhiteElo "996"]
[BlackElo "957"]
[PlyCount "108"]
[WhiteFideId "12929689"]
[BlackFideId "12909424"]
[EventCountry "GER"]
[EventRounds "11"]
[EventType "swiss"]
[EventDate "2011.06.11"]

1. e4 Nf6 2. Nc3 d5 3. exd5 Nxd5 4. Nxd5 Qxd5 5. Nf3 Bg4 6. Be2 Nc6 7. d3 O-O-O
8. O-O e5 9. Be3 Bc5 10. Bxc5 Qxc5 11. h3 Be6 12. Qc1 Nd4 13. Nxd4 Qxd4 14. Re1
f5 15. c3 Qb6 16. b4 Rhe8 17. a4 e4 18. dxe4 fxe4 19. a5 Qc6 20. Qc2 Bc4 21.
Bxc4 Qxc4 22. Rad1 Rxd1 23. Rxd1 g6 24. Re1 Re6 25. g3 Kd7 26. Rd1+ Rd6 27.
Rxd6+ cxd6 28. g4 Qd3 29. Qxd3 exd3 30. Kf1 Ke6 31. Ke1 Ke5 32. Kd2 Ke4 33. f3+
Kxf3 34. Kxd3 Kg3 35. c4 Kxh3 36. Kd4 Kxg4 37. Kd5 h5 38. Kxd6 h4 39. c5 h3 40.
b5 h2 41. c6 h1=Q 42. c7 Qd1+ 43. Kc5 Qd7 44. b6 a6 45. Kc4 Kf3 46. Kc5 g5 47.
Kc4 g4 48. c8=Q Qxc8+ 49. Kd4 g3 50. Kd3 g2 51. Kd4 g1=Q+ 52. Kd5 Qc6+ 53. Ke5
Qe3+ 54. Kf5 Qce6# 0-1

[Event "DEM U12 2011"]
[Site "Oberhof GER"]
[Date "2011.06.17"]
[Round "10"]
[White "Schmid, Katharina"]
[Black "Schröder, Janina"]
[Result "0-1"]
[Termination "normal"]
[Board "46"]
[WhiteElo "1070"]
[BlackElo "1065"]
[PlyCount "80"]
[WhiteFideId "12918210"]
[BlackFideId "24693138"]
[EventCountry "GER"]
[EventRounds "11"]
[EventType "swiss"]
[EventDate "2011.06.11"]

1. e4 e5 2. Nf3 Nc6 3. Bc4 Be7 4. d4 exd4 5. Nxd4 Nf6 6. Nc3 O-O 7. O-O d6 8.
Bg5 h6 9. Bh4 Ne5 10. Bd3 Nxd3 11. Qxd3 Re8 12. Rae1 a6 13. f4 c5 14. Nf3 Nh5
15. Bxe7 Qxe7 16. Nd5 Qd8 17. Kh1 Be6 18. g3 Bd7 19. b3 b5 20. c4 Nf6 21. Re2
Bh3 22. Rfe1 Nxd5 23. exd5 Rxe2 24. Rxe2 Bg4 25. Kg2 b4 26. Qd2 a5 27. Qe1 Qd7
28. Re3 a4 29. Re7 Qf5 30. Qd2 axb3 31. axb3 Qb1 32. Re2 Qxb3 33. Re3 Qa2 34.
Rd3 Qxd2+ 35. Rxd2 Ra3 36. Ne1 Rc3 37. Rc2 Rxc2+ 38. Nxc2 b3 39. Na3 b2 40. Kf2
Bf5 0-1

[Event "DEM U12 2011"]
[Site "Oberhof GER"]
[Date "2011.06.17"]
[Round "10"]
[White "Weiten, Anna"]
[Black "Uffrecht, Luise"]
[Result "0-1"]
[Termination "normal"]
[Board "47"]
[WhiteElo "872"]
[BlackElo "958"]
[PlyCount "150"]
[WhiteFideId "12938203"]
[EventCountry "GER"]
[EventRounds "11"]
[EventType "swiss"]
[EventDate "2011.06.11"]

1. e4 e5 2. Nf3 Nc6 3. Bc4 Bc5 4. Nc3 Nf6 5. d3 d6 6. Bg5 h6 7. Bxf6 Qxf6 8. h3
Be6 9. Nd5 Qd8 10. Qe2 a6 11. a3 O-O 12. O-O-O b5 13. Bb3 b4 14. axb4 Nxb4 15.
Bc4 Nxd5 16. Bxd5 Bxd5 17. exd5 a5 18. d4 exd4 19. Nxd4 Bxd4 20. Rxd4 Re8 21.
Qf3 Qd7 22. Qg4 Qxg4 23. Rxg4 Re5 24. Rd1 a4 25. Rg3 Ra5 26. Rgd3 Rf5 27. f3
Re5 28. f4 Re2 29. R1d2 Rxd2 30. Kxd2 Rc5 31. g4 f6 32. h4 Kf7 33. Ke3 Rxc2 34.
Rd2 Rxd2 35. Kxd2 g6 36. Kc3 Ke7 37. Kb4 Kd7 38. Kxa4 Kc8 39. g5 fxg5 40. hxg5
hxg5 41. fxg5 Kb7 42. Kb5 Kb8 43. Kc6 Kc8 44. b4 Kb8 45. b5 Kc8 46. b6 cxb6 47.
Kxb6 Kd7 48. Kb5 Kc7 49. Kc4 Kb6 50. Kd4 Kb5 51. Ke4 Kc4 52. Ke3 Kxd5 53. Kd3
Ke5 54. Ke3 Kf5 55. Kd4 Kxg5 56. Kd5 Kf4 57. Kxd6 Kf3 58. Ke6 g5 59. Kf5 g4 60.
Kg5 g3 61. Kh4 g2 62. Kg5 g1=Q+ 63. Kf5 Qg4+ 64. Ke5 Qe4+ 65. Kd6 Qf5 66. Kc6
Ke4 67. Kb6 Kd4 68. Ka6 Kc4 69. Kb6 Qb5+ 70. Kc7 Qa6 71. Kd7 Kd5 72. Ke7 Qe6+
73. Kd8 Qf7 74. Kc8 Kc6 75. Kb8 Qb7# 0-1

[Event "DEM U12 2011"]
[Site "Oberhof GER"]
[Date "2011.06.18"]
[Round "11"]
[White "Flüchter, Gregor"]
[Black "Schröder, Kevin"]
[Result "1/2-1/2"]
[Termination "normal"]
[Board "1"]
[WhiteElo "1822"]
[BlackElo "1954"]
[PlyCount "26"]
[WhiteFideId "12903396"]
[BlackFideId "12929840"]
[EventCountry "GER"]
[EventRounds "11"]
[EventType "swiss"]
[EventDate "2011.06.11"]

1. e4 c5 2. Nf3 d6 3. d4 cxd4 4. Nxd4 Nf6 5. Nc3 a6 6. Bc4 e6 7. O-O Be7 8. Bb3
O-O 9. Re1 b5 10. Be3 Bb7 11. f3 Nbd7 12. Qd2 Rc8 13. Rad1 Nc5 1/2-1/2

[Event "DEM U12 2011"]
[Site "Oberhof GER"]
[Date "2011.06.18"]
[Round "11"]
[White "Baskin, Robert"]
[Black "Kollars, Dmitrij"]
[Result "1/2-1/2"]
[Termination "normal"]
[Board "2"]
[WhiteElo "1940"]
[BlackElo "1830"]
[PlyCount "25"]
[WhiteFideId "24662402"]
[BlackFideId "12909572"]
[EventCountry "GER"]
[EventRounds "11"]
[EventType "swiss"]
[EventDate "2011.06.11"]

1. e4 c5 2. Nf3 d6 3. d4 cxd4 4. Nxd4 Nf6 5. Nc3 g6 6. Bc4 Bg7 7. O-O Nc6 8.
Nb3 O-O 9. Re1 a5 10. a4 Bd7 11. Bf1 Rc8 12. Nd5 Nxd5 13. exd5 1/2-1/2

[Event "DEM U12 2011"]
[Site "Oberhof GER"]
[Date "2011.06.18"]
[Round "11"]
[White "Höglauer, Patrick"]
[Black "Vogel, Roven"]
[Result "1-0"]
[Termination "normal"]
[Board "3"]
[WhiteElo "1764"]
[BlackElo "1759"]
[PlyCount "107"]
[WhiteFideId "1270548"]
[BlackFideId "12908088"]
[EventCountry "GER"]
[EventRounds "11"]
[EventType "swiss"]
[EventDate "2011.06.11"]

1. d4 d5 2. c4 dxc4 3. e3 Nf6 4. Bxc4 e6 5. Nc3 c5 6. Nf3 a6 7. a4 Nc6 8. O-O
cxd4 9. Nxd4 Nxd4 10. Qxd4 Qc7 11. b3 Bd6 12. h3 O-O 13. Bb2 Rd8 14. Qh4 Bd7
15. Ne4 Nxe4 16. Qxe4 Bc6 17. Qg4 Bh2+ 18. Kh1 Be5 19. Bxe5 Qxe5 20. Rad1 Qf6
21. f3 b5 22. axb5 axb5 23. Bd3 Qc3 24. Bxh7+ Kxh7 25. Qh4+ Kg8 26. Rxd8+ Rxd8
27. Qxd8+ Kh7 28. Qh4+ Kg8 29. Rd1 f6 30. Rd8+ Kf7 31. Qh8 Qxb3 32. Rf8+ Kg6
33. Qh4 Qd1+ 34. Kh2 Qd6+ 35. Qg3+ Qxg3+ 36. Kxg3 Kf5 37. Rc8 Bd7 38. Rc7 Be8
39. Rxg7 Ke5 40. Re7 Bg6 41. Rb7 Bd3 42. h4 Kd5 43. Rd7+ Kc4 44. h5 b4 45. h6
b3 46. h7 Bxh7 47. Rxh7 b2 48. Rb7 Kc3 49. Kg4 Kc2 50. Kh5 b1=Q 51. Rxb1 Kxb1
52. Kg6 Kc2 53. Kxf6 Kd3 54. e4 1-0

[Event "DEM U12 2011"]
[Site "Oberhof GER"]
[Date "2011.06.18"]
[Round "11"]
[White "Lagunow, Raphael"]
[Black "Ovsepyan, Arshak"]
[Result "1-0"]
[Termination "normal"]
[Board "4"]
[WhiteElo "1711"]
[BlackElo "1950"]
[PlyCount "71"]
[WhiteFideId "24652644"]
[BlackFideId "24690236"]
[EventCountry "GER"]
[EventRounds "11"]
[EventType "swiss"]
[EventDate "2011.06.11"]

1. e4 e5 2. Nf3 Nf6 3. Nc3 Nc6 4. d4 exd4 5. Nxd4 Bc5 6. Nxc6 bxc6 7. Bd3 d6 8.
O-O h6 9. Na4 Bb6 10. Nxb6 axb6 11. h3 O-O 12. f4 Re8 13. Qf3 d5 14. e5 Nd7 15.
Bd2 Nc5 16. Be2 Ne4 17. Be3 f5 18. Rfd1 c5 19. Bb5 Re6 20. Qh5 Qf8 21. Bd3 Bb7
22. c3 g6 23. Qh4 Kh7 24. Bxe4 fxe4 25. Rd2 Rd8 26. f5 gxf5 27. Bg5 Rd7 28. Bf6
e3 29. Rd3 d4 30. cxd4 Be4 31. Rxe3 cxd4 32. Rxe4 fxe4 33. Qxe4+ Kg8 34. Qg4+
Kf7 35. Rf1 Qc5 36. Bd8+ 1-0

[Event "DEM U12 2011"]
[Site "Oberhof GER"]
[Date "2011.06.18"]
[Round "11"]
[White "Dürr, Florian"]
[Black "Péczely, Sebastian Zsomber"]
[Result "0-1"]
[Termination "normal"]
[Board "5"]
[WhiteElo "1819"]
[BlackElo "1967"]
[PlyCount "108"]
[WhiteFideId "24659134"]
[BlackFideId "750964"]
[EventCountry "GER"]
[EventRounds "11"]
[EventType "swiss"]
[EventDate "2011.06.11"]

1. f4 d5 2. b3 Nc6 3. Nf3 Bg4 4. Bb2 e6 5. e3 Nf6 6. Bb5 Be7 7. O-O O-O 8. d3
Nb8 9. d4 a6 10. Bd3 c5 11. Nbd2 Nc6 12. h3 Bxf3 13. Nxf3 b5 14. Ne5 Qb6 15. g4
Nxe5 16. dxe5 Nd7 17. Kh2 Rab8 18. Qd2 Qc7 19. Rad1 Rfd8 20. Rf3 a5 21. Bf1 b4
22. Qg2 a4 23. Qg3 axb3 24. axb3 Ra8 25. Bb5 Ra2 26. Rb1 Nb6 27. Rf2 c4 28. Bd4
Bc5 29. Qf3 Ra5 30. Bxc5 Qxc5 31. bxc4 dxc4 32. Bc6 Ra3 33. Re2 Nd5 34. Bxd5
exd5 35. Qf2 b3 36. cxb3 cxb3 37. Reb2 Qc4 38. Qd2 Rda8 39. Rc1 Qb5 40. Rc3 Ra2
41. Rxa2 bxa2 42. Qc1 Qa6 43. Qa1 h6 44. Rc2 Qa4 45. Rb2 Qa3 46. Re2 Qb3 47.
Re1 Rb8 48. Re2 Ra8 49. Re1 Qc2+ 50. Kg3 Qd2 51. Rf1 Qxe3+ 52. Rf3 Qe4 53. Rf1
Ra3+ 54. Kh2 Qe2+ 0-1

[Event "DEM U12 2011"]
[Site "Oberhof GER"]
[Date "2011.06.18"]
[Round "11"]
[White "Balazs, Balint"]
[Black "Perske, Thore"]
[Result "0-1"]
[Termination "normal"]
[Board "6"]
[WhiteElo "1587"]
[BlackElo "1830"]
[PlyCount "104"]
[WhiteFideId "12922757"]
[BlackFideId "12902195"]
[EventCountry "GER"]
[EventRounds "11"]
[EventType "swiss"]
[EventDate "2011.06.11"]

1. e4 e6 2. d4 d5 3. exd5 exd5 4. Bd3 Bd6 5. Nc3 c6 6. Nge2 Qh4 7. Be3 Nh6 8.
Qd2 Ng4 9. g3 Qe7 10. O-O-O Nxe3 11. fxe3 f5 12. Rde1 O-O 13. Nf4 Be6 14. Rhg1
Nd7 15. h3 Nf6 16. Ref1 Ne4 17. Bxe4 fxe4 18. Nce2 Rf7 19. Nxe6 Qxe6 20. Rxf7
Qxf7 21. Nf4 Rf8 22. Qe2 g5 23. Qg4 Qf5 24. Qxf5 Rxf5 25. Ne2 Rf3 26. Kd2 Kf7
27. c3 Rf2 28. g4 Rh2 29. Rf1+ Ke6 30. Rf5 h6 31. Ke1 Rxh3 32. Kf2 Rh2+ 33. Kf1
Rh1+ 34. Kg2 Rb1 35. b3 Ra1 36. a4 a5 37. Ng3 Bxg3 38. Kxg3 Ra3 39. Rf8 Rxb3
40. Rh8 Rxc3 41. Rxh6+ Kd7 42. Kf2 Rc2+ 43. Kf1 b5 44. axb5 cxb5 45. Rb6 b4 46.
Ke1 a4 47. Rxb4 a3 48. Ra4 a2 49. Kd1 Rg2 50. Kc1 Kc6 51. Ra8 Rxg4 52. Rxa2
Rg1+ 0-1

[Event "DEM U12 2011"]
[Site "Oberhof GER"]
[Date "2011.06.18"]
[Round "11"]
[White "Mager, Denis"]
[Black "Sieber, Fiona"]
[Result "1-0"]
[Termination "normal"]
[Board "7"]
[WhiteElo "1741"]
[BlackElo "1689"]
[PlyCount "53"]
[WhiteFideId "24691127"]
[BlackFideId "12902373"]
[EventCountry "GER"]
[EventRounds "11"]
[EventType "swiss"]
[EventDate "2011.06.11"]

1. Nf3 Nf6 2. c4 e6 3. e3 b6 4. d4 Ba6 5. Bd3 d5 6. b3 Be7 7. O-O O-O 8. Nbd2
Nbd7 9. Bb2 Rc8 10. Qe2 c5 11. Ne5 dxc4 12. bxc4 Nxe5 13. dxe5 Nd7 14. Rad1 Qc7
15. f4 Rfd8 16. Ne4 Nf8 17. Qh5 Rd7 18. Nf6+ Bxf6 19. exf6 Rcd8 20. fxg7 Ng6
21. Rf3 Rxd3 22. Rxd3 Rxd3 23. Qxh7+ Kxh7 24. Rh3+ Nh4 25. Rxh4+ Kg6 26. g8=Q+
Kf5 27. Qh7# 1-0

[Event "DEM U12 2011"]
[Site "Oberhof GER"]
[Date "2011.06.18"]
[Round "11"]
[White "Reimers, Juri"]
[Black "Greßmann, Moritz"]
[Result "1-0"]
[Termination "normal"]
[Board "8"]
[WhiteElo "1675"]
[BlackElo "1738"]
[PlyCount "27"]
[WhiteFideId "24661511"]
[BlackFideId "24695084"]
[EventCountry "GER"]
[EventRounds "11"]
[EventType "swiss"]
[EventDate "2011.06.11"]

1. e4 e5 2. Nf3 Nc6 3. d4 exd4 4. Nxd4 Bc5 5. Be3 Qf6 6. c3 Nge7 7. Bc4 Ne5 8.
Be2 Qg6 9. O-O d6 10. f4 Qxe4 11. Bf2 Qxf4 12. Nb5 Ng4 13. Bxg4 Bxg4 14. Bxc5
1-0

[Event "DEM U12 2011"]
[Site "Oberhof GER"]
[Date "2011.06.18"]
[Round "11"]
[White "Böhning, Kilian"]
[Black "Scholz, Robert"]
[Result "0-1"]
[Termination "normal"]
[Board "9"]
[WhiteElo "1708"]
[BlackElo "1643"]
[PlyCount "124"]
[WhiteFideId "1270499"]
[BlackFideId "1270301"]
[EventCountry "GER"]
[EventRounds "11"]
[EventType "swiss"]
[EventDate "2011.06.11"]

1. e4 e5 2. Bc4 Nc6 3. d3 Bc5 4. Nc3 Nf6 5. f4 d6 6. f5 a6 7. Nf3 Na5 8. Bg5 b5
9. Bb3 Nxb3 10. axb3 c6 11. g4 Qb6 12. h3 Bf2+ 13. Ke2 Bb7 14. Rf1 Bc5 15. Qd2
h5 16. Bxf6 gxf6 17. g5 Rg8 18. h4 O-O-O 19. Qe1 d5 20. Qg3 Be3 21. Nxe5 fxe5
22. Qxe3 Qxe3+ 23. Kxe3 d4+ 24. Ke2 dxc3 25. bxc3 c5 26. c4 Kc7 27. Ke3 Kb6 28.
Rfb1 Ra8 29. Ra2 b4 30. Rba1 a5 31. Kd2 Ra6 32. Ke3 Bc6 33. Kd2 Ra7 34. Ke3
Rga8 35. Kd2 Rd8 36. Ke3 $11 36... Rda8 37. Kd2 Kc7 38. Ke3 Kd8 39. Kd2 Ke8 40.
Kd1 f6 41. g6 Kf8 42. Kd2 Kg7 43. Ke3 a4 44. Kf3 a3 45. Re1 Rd8 46. Re3 Kh6 47.
Re2 Rg8 48. Rg2 Be8 49. c3 Rag7 50. cxb4 cxb4 51. c5 Rc7 52. Rac2 Bb5 53. Ke3
Rgc8 54. d4 exd4+ 55. Kxd4 Rd8+ 56. Ke3 Rd3+ 57. Kf4 Rxb3 58. e5 Kg7 59. exf6+
Kxf6 60. Rg5 Rd7 61. Ke4 Re7+ 62. Kf4 Rbe3 0-1

[Event "DEM U12 2011"]
[Site "Oberhof GER"]
[Date "2011.06.18"]
[Round "11"]
[White "Graf, Clara Victoria"]
[Black "Petrashov, Alexander"]
[Result "1/2-1/2"]
[Termination "normal"]
[Board "10"]
[WhiteElo "1710"]
[BlackElo "1644"]
[PlyCount "135"]
[WhiteFideId "1270339"]
[BlackFideId "24662461"]
[EventCountry "GER"]
[EventRounds "11"]
[EventType "swiss"]
[EventDate "2011.06.11"]

1. e4 e5 2. Nf3 Nc6 3. d4 exd4 4. Nxd4 Qh4 5. Nc3 Bb4 6. Be2 Qxe4 7. Ndb5 Bxc3+
8. bxc3 Kd8 9. O-O Qe7 10. Re1 d6 11. Ba3 Nf6 12. Bc4 Be6 13. Re2 Qd7 14. Bb3
a6 15. Nd4 Nxd4 16. Qxd4 Bxb3 17. cxb3 Re8 18. Rd2 Ke7 19. c4 b6 20. Bb2 Kf8
21. Qh4 Re4 22. Qg5 h6 23. Qg3 Qf5 24. Qd3 Rae8 25. f3 Re1+ 26. Rxe1 Rxe1+ 27.
Kf2 Qxd3 28. Rxd3 Re6 29. Re3 Ke7 30. Ke2 g6 31. Kd3 Nd7 32. Bd4 Rxe3+ 33. Kxe3
Ke6 34. g4 h5 35. h3 d5 36. Kf4 dxc4 37. bxc4 f6 38. a4 c5 39. Bc3 g5+ 40. Ke4
hxg4 41. hxg4 a5 42. f4 gxf4 43. Kxf4 Nf8 44. Ke4 Nd7 45. Bb2 Nb8 46. Bc1 Nd7
47. Bf4 Nf8 48. Bc7 Nd7 49. Kf4 Ke7 50. Kf5 Kf7 51. Bd6 Ke8 52. Ke6 Kd8 53.
Be7+ Kc7 54. Bxf6 b5 55. g5 bxc4 56. Bc3 Nf8+ 57. Kf7 Nh7 58. g6 Ng5+ 59. Kf8
Kd6 60. g7 Ne6+ 61. Kf7 Nxg7 62. Kxg7 Kd5 63. Bxa5 c3 64. Bxc3 Kc6 65. Kf6 Kb7
66. Ke6 Ka8 67. Kd5 c4 68. Kxc4 1/2-1/2

[Event "DEM U12 2011"]
[Site "Oberhof GER"]
[Date "2011.06.18"]
[Round "11"]
[White "Nothnagel, Marian Can"]
[Black "Nguyen, Huy Dat"]
[Result "1/2-1/2"]
[Termination "normal"]
[Board "11"]
[WhiteElo "1613"]
[BlackElo "1537"]
[PlyCount "158"]
[WhiteFideId "12921530"]
[BlackFideId "12923486"]
[EventCountry "GER"]
[EventRounds "11"]
[EventType "swiss"]
[EventDate "2011.06.11"]

1. e4 c5 2. Nf3 Nc6 3. d4 cxd4 4. Nxd4 g6 5. Nc3 Bg7 6. Nb3 Nf6 7. Be2 O-O 8.
O-O d6 9. Bg5 a6 10. Re1 b5 11. Bf1 Bb7 12. Nd5 Rc8 13. Bxf6 Bxf6 14. Nxf6+
exf6 15. Nd4 Qb6 16. Nxc6 Qxc6 17. f3 Qc5+ 18. Kh1 d5 19. exd5 Bxd5 20. Bd3 Be6
21. Qd2 b4 22. Qf4 Kg7 23. Qe3 Qc7 24. Qf2 Rfd8 25. Qh4 a5 26. h3 Rb8 27. Qf2
h5 28. f4 Rd5 29. Qg3 Bf5 30. Qe3 Bxd3 31. cxd3 Qd7 32. Rad1 Rd8 33. Qb6 Qf5
34. d4 Qxf4 35. Rf1 Qd6 36. Qxd6 R8xd6 37. Rf4 g5 38. Re4 Re6 39. Rde1 Rxe4 40.
Rxe4 f5 41. Re7 Kf6 42. Ra7 Rxd4 43. Rxa5 b3 44. a4 Rd2 45. Rb5 Rxb2 46. a5 Ra2
47. Rxb3 Rxa5 48. Rb6+ Kg7 49. Kh2 Re5 50. Kg3 Re6 51. Rb5 Kg6 52. Kf3 f6 53.
Rb7 f4 54. Kf2 g4 55. hxg4 hxg4 56. Rb4 Kf5 57. g3 fxg3+ 58. Kxg3 Re3+ 59. Kf2
Re4 60. Rb6 Kg5 61. Kg3 f5 62. Rb5 Re3+ 63. Kf2 Rf3+ 64. Kg2 Rd3 65. Kf2 Kf4
66. Rb4+ Ke5 67. Kg2 Rd4 68. Rb8 Kf4 69. Rb2 g3 70. Rb3 Rd2+ 71. Kg1 Kg4 72.
Rb8 f4 73. Rb4 Kf3 74. Rb3+ Ke4 75. Kf1 Rd3 76. Rb1 Kf3 77. Kg1 g2 78. Re1 Kg3
79. Re3+ Rxe3 1/2-1/2

[Event "DEM U12 2011"]
[Site "Oberhof GER"]
[Date "2011.06.18"]
[Round "11"]
[White "Bergauz, Noam"]
[Black "Kaplun, David"]
[Result "1/2-1/2"]
[Termination "normal"]
[Board "12"]
[WhiteElo "1591"]
[BlackElo "1758"]
[PlyCount "73"]
[WhiteFideId "12938033"]
[BlackFideId "12901954"]
[EventCountry "GER"]
[EventRounds "11"]
[EventType "swiss"]
[EventDate "2011.06.11"]

1. e4 c5 2. Nf3 e6 3. c3 Nf6 4. e5 Nd5 5. d4 cxd4 6. cxd4 Nc6 7. Nc3 Nb6 8. Bd3
a6 9. O-O d6 10. a3 Nd7 11. exd6 Bxd6 12. d5 exd5 13. Re1+ Ne7 14. Nxd5 O-O 15.
Nxe7+ Bxe7 16. Qe2 Bf6 17. Qe4 g6 18. Bh6 Nc5 19. Qe3 Nxd3 20. Red1 Bf5 21.
Bxf8 Qxf8 22. Rxd3 Bxd3 23. Qxd3 Bxb2 24. Ra2 Bg7 25. h3 Rd8 26. Qe4 Rd1+ 27.
Kh2 Qb8+ 28. g3 Qc8 29. Rc2 Qd7 30. a4 Ra1 31. Rd2 Qc7 32. Qe8+ Bf8 33. Rd8 Qc5
34. Kg2 Ra2 35. Nd4 Rd2 36. Rd7 Qc4 37. Rd8 1/2-1/2